Probability theory / (Record no. 6575)

MARC details
000 -LEADER
fixed length control field 01499cam a2200337 a 4500
001 - CONTROL NUMBER
control field 14683548
003 - CONTROL NUMBER IDENTIFIER
control field OSt
005 - DATE AND TIME OF LATEST TRANSACTION
control field 20200204124825.0
008 - FIXED-LENGTH DATA ELEMENTS--GENERAL INFORMATION
fixed length control field 061229r20071970nyua b 001 0 eng
010 ## - LIBRARY OF CONGRESS CONTROL NUMBER
LC control number 2006053472
020 ## - INTERNATIONAL STANDARD BOOK NUMBER
International Standard Book Number 0486458679 (pbk.)
020 ## - INTERNATIONAL STANDARD BOOK NUMBER
International Standard Book Number 9780486458670 (pbk.)
035 ## - SYSTEM CONTROL NUMBER
System control number (OCoLC)ocm77708371
035 ## - SYSTEM CONTROL NUMBER
System control number (OCoLC)77708371
040 ## - CATALOGING SOURCE
Original cataloging agency DLC
Transcribing agency DLC
Modifying agency YDX
-- BAKER
-- BTCTA
-- YDXCP
-- DLC
041 1# - LANGUAGE CODE
Language code of text/sound track or separate title eng
Language code of original ger
082 00 - DEWEY DECIMAL CLASSIFICATION NUMBER
Classification number 519.2
Edition number 22
Item number REN 2007
100 1# - MAIN ENTRY--PERSONAL NAME
Personal name Rényi, Alfréd.
9 (RLIN) 13517
245 10 - TITLE STATEMENT
Title Probability theory /
Statement of responsibility, etc. A. Rényi.
250 ## - EDITION STATEMENT
Edition statement Dover ed.
260 ## - PUBLICATION, DISTRIBUTION, ETC. (IMPRINT)
Place of publication, distribution, etc. Mineola, N.Y. :
Name of publisher, distributor, etc. Dover Publications,
Date of publication, distribution, etc. 2007.
300 ## - PHYSICAL DESCRIPTION
Extent 666 p. :
Other physical details ill. ;
Dimensions 22 cm.
500 ## - GENERAL NOTE
General note "This Dover edition, first published in 2007, is an unabridged republication of the work published jointly by North-Holland Publishing Company, Amsterdam, and Akadémiai Kiadó, Publishing House of the Hungarian Academy of Sciences, Budapest, in 1970. This book is the enlarged version of Wahrscheinlichkeitsrechnung ... [et al.]."--T.p. verso.
504 ## - BIBLIOGRAPHY, ETC. NOTE
Bibliography, etc Includes bibliographical references (p. [645]-660) and index.
650 #0 - SUBJECT ADDED ENTRY--TOPICAL TERM
Topical term or geographic name as entry element Probabilities.
9 (RLIN) 2821
650 #0 - SUBJECT ADDED ENTRY--TOPICAL TERM
Topical term or geographic name as entry element Information theory.
9 (RLIN) 13518
856 42 - ELECTRONIC LOCATION AND ACCESS
Materials specified Publisher description
Uniform Resource Identifier http://www.loc.gov/catdir/enhancements/fy0705/2006053472-d.html
906 ## - LOCAL DATA ELEMENT F, LDF (RLIN)
a 7
b cbc
c orignew
d 1
e ocip
f 20
g y-gencatlg
942 ## - ADDED ENTRY ELEMENTS (KOHA)
Source of classification or shelving scheme Dewey Decimal Classification
Koha item type Open Shelf
Holdings
Withdrawn status Lost status Source of classification or shelving scheme Damaged status Not for loan Home library Current library Date acquired Source of acquisition Inventory number Total Checkouts Full call number Barcode Date last seen Price effective from Koha item type
    Dewey Decimal Classification     MUST Main Library MUST Main Library 04/02/2020 Purchase 2011/33736   519.2 REN 2007 2020-0315 04/02/2020 04/02/2020 Open Shelf